| 000 | 01087nas a2200349 4500 | ||
|---|---|---|---|
| 001 | BR2010001727 | ||
| 003 | BR-BrBNA | ||
| 005 | 20231205114200.0 | ||
| 007 | ta | ||
| 008 | 230509b bl.|||p| |||| 00| 00por d | ||
| 040 |
_aBR-BrBNA _bpor _cBiblioteca Nacional de Agricultura |
||
| 041 | _a(En) | ||
| 072 | _aF30 | ||
| 100 | 1 | _aSilveira, M.C.T. da | |
| 100 | 1 | _aNascimento Júnior, D. do | |
| 100 | 1 | _aSilva, S.C. da | |
| 100 | 1 | _aEuclides, V.P.B. | |
| 100 | 1 | _aMontagner, D.B. | |
| 100 | 1 | _aSbrissia, A.F. | |
| 100 | 1 | _aRodrigues, C.S. | |
| 100 | 1 | _aSousa, B.M. de L. | |
| 100 | 1 | _aPena, K. da S. | |
| 100 | 1 | _aVilela, H.H. | |
| 245 | 1 | _aMorphogenetic and structural comparative characterization of tropical forage grass cultivars under free growth | |
| 650 | _aCAPIM BRACHIARIA | ||
| 650 | _aCAPIM COLONIÃO | ||
| 650 | _aCARACTERÍSTICAS AGRONÔMICAS | ||
| 650 | _aCRESCIMENTO | ||
| 773 | 0 |
_tScientia Agricola (Brazil) _xISSN 0103-9016 _g(Mar-Apr 2010), v. 67(2) p. 136-142 _wBR2010001727 |
|
| 909 |
_a202311 _bLúcia _c55 _dLúcia Elande |
||
| 942 |
_2AGRIS _n0 _cANA |
||
| 999 |
_c207468 _d207468 |
||